00938nam a2200217 a 450000100100000000500170001000800410002702000150006804000250008310000270010824501310013526000410026630000210030749000480032850000210037650400730039771000720047083000550054295201060059799900170070300004165520201002035705.0131015s2003 sp 000 0 spa d a8400081943 aDO-SdBNPbspacBNPHU1 aHernando, Josep96844510aEls esclaus islàmics a Barcelona blancs, negres, llors i turcs :bde l'esclavitud a la llibertat (S. XIV) /cJosep Hernando. aBarcelona :bHernando, Josep,c2003. a784 p. ;c25 cm.1 aAnuario de Estudios Medievales. Anejo ;v52 aIncluye índice aIncluye referencias bibliográficas y notas al pie de las páginas2 aConsejo Superior de Investigaciones Científicas (España)915178 0aAnuario de Estudios Medievales. Anejo ;v52964050 0010507-18MOaGRbGRcOId2013-10-15iLF1l0o p41655-10r2020-06-25w2020-06-25y1ZNo se presta c41145d41145